[Event "DVM U16w 2021"]
[Site "Berlin GER"]
[Date "2022.05.02"]
[Round "6"]
[White "Dietz, Kristin"]
[Black "Pikki, Daria"]
[Result "1/2-1/2"]
[Termination "normal"]
[Board "1.1"]
[WhiteElo "1707"]
[BlackElo "1523"]
[WhiteClock "00:20:23"]
[BlackClock "00:04:05"]
[WhiteTeam "USV Halle"]
[BlackTeam "SV Königsjäger Süd-West e.V."]
[PlyCount "83"]
[WhiteFideId "12993743"]
[BlackFideId "16281306"]
[EventCountry "GER"]
[EventRounds "7"]
[EventType "team-swiss"]
[EventDate "2022.04.29"]

1. e4 {[%clk 1:30:59]} e5 {[%clk 1:30:59]} 2. Nf3 {[%clk 1:31:23]} Nc6 {[%clk
1:31:25]} 3. Bb5 {[%clk 1:31:48]} Nf6 {[%clk 1:31:51]} 4. O-O {[%clk 1:32:10]}
Be7 {[%clk 1:32:07]} 5. Re1 {[%clk 1:32:29]} d6 {[%clk 1:32:30]} 6. h3 {[%clk
1:30:47]} Bd7 {[%clk 1:32:03]} 7. c3 {[%clk 1:30:54]} O-O {[%clk 1:32:04]} 8.
d4 {[%clk 1:30:31]} Nxd4 {[%clk 1:30:29]} 9. Nxd4 {[%clk 1:29:38]} exd4 {[%clk
1:30:48]} 10. Bxd7 {[%clk 1:30:01]} Qxd7 {[%clk 1:31:03]} 11. cxd4 {[%clk
1:30:24]} d5 {[%clk 1:31:09]} 12. e5 {[%clk 1:28:49]} Ne4 {[%clk 1:29:57]} 13.
Nd2 {[%clk 1:23:42]} Ng5 {[%clk 1:21:15]} 14. f4 {[%clk 1:21:52]} Ne6 {[%clk
1:20:00]} 15. Nf3 {[%clk 1:21:00]} f5 {[%clk 1:10:47]} 16. Be3 {[%clk 1:18:18]}
c6 {[%clk 1:08:06]} 17. Rc1 {[%clk 1:16:30]} Qd8 {[%clk 1:02:33]} 18. Qd2
{[%clk 1:14:34]} a5 {[%clk 0:59:30]} 19. a3 {[%clk 1:14:45]} a4 {[%clk
0:58:43]} 20. Rf1 {[%clk 1:11:55]} h6 {[%clk 0:55:07]} 21. g4 {[%clk 1:08:10]}
Qe8 {[%clk 0:47:54]} 22. Nh2 {[%clk 0:59:24]} Qg6 {[%clk 0:44:15]} 23. Qd3
{[%clk 0:56:00]} h5 {[%clk 0:40:58]} 24. Rc2 {[%clk 0:55:27]} hxg4 {[%clk
0:37:35]} 25. hxg4 {[%clk 0:55:49]} Qh7 {[%clk 0:37:20]} 26. Rg2 {[%clk
0:55:10]} Ra6 {[%clk 0:32:54]} 27. Rf3 {[%clk 0:50:32]} Rb6 {[%clk 0:30:14]}
28. gxf5 {[%clk 0:46:29]} Qxf5 {[%clk 0:24:22]} 29. Qd1 {[%clk 0:45:13]} Rb3
{[%clk 0:23:11]} 30. Nf1 {[%clk 0:43:47]} Qh5 {[%clk 0:19:57]} 31. Ng3 {[%clk
0:41:49]} Qg4 {[%clk 0:16:34]} 32. Ne4 {[%clk 0:32:34]} Qh5 {[%clk 0:11:57]}
33. Nc3 {[%clk 0:32:21]} Bxa3 {[%clk 0:09:36]} 34. Rfg3 {[%clk 0:22:08]} Qxd1+
{[%clk 0:08:59]} 35. Nxd1 {[%clk 0:22:37]} Bb4 {[%clk 0:08:16]} 36. Rg6 {[%clk
0:22:17]} Nxf4 {[%clk 0:07:24]} 37. Rxg7+ {[%clk 0:22:22]} Kh8 {[%clk 0:07:46]}
38. R2g4 {[%clk 0:20:28]} Rd3 {[%clk 0:04:35]} 39. Bxf4 {[%clk 0:20:41]} Rxd1+
{[%clk 0:04:11]} 40. Kg2 {[%clk 0:20:49]} Rxf4 {[%clk 0:03:41]} 41. Rg8+ {[%clk
0:20:05]} Kh7 {[%clk 0:04:05]} 42. R8g7+ {[%clk 0:20:23]} 1/2-1/2

[Event "DVM U16w 2021"]
[Site "Berlin GER"]
[Date "2022.05.02"]
[Round "6"]
[White "Sohr, Luna"]
[Black "Voigt, Anastasia"]
[Result "1/2-1/2"]
[Termination "normal"]
[Board "1.2"]
[WhiteElo "1335"]
[BlackElo "1630"]
[WhiteClock "00:07:51"]
[BlackClock "00:03:12"]
[WhiteTeam "SV Königsjäger Süd-West e.V."]
[BlackTeam "USV Halle"]
[PlyCount "61"]
[WhiteFideId "16251261"]
[BlackFideId "16235223"]
[EventCountry "GER"]
[EventRounds "7"]
[EventType "team-swiss"]
[EventDate "2022.04.29"]

1. d4 {[%clk 1:30:57]} d5 {[%clk 1:30:57]} 2. c4 {[%clk 1:31:23]} e6 {[%clk
1:31:25]} 3. Nc3 {[%clk 1:31:49]} Nf6 {[%clk 1:31:51]} 4. cxd5 {[%clk 1:32:15]}
exd5 {[%clk 1:32:16]} 5. Bg5 {[%clk 1:32:41]} Be7 {[%clk 1:32:41]} 6. e3 {[%clk
1:33:05]} c6 {[%clk 1:33:08]} 7. Bd3 {[%clk 1:33:24]} O-O {[%clk 1:33:33]} 8.
Qc2 {[%clk 1:33:39]} Nbd7 {[%clk 1:33:59]} 9. Nf3 {[%clk 1:33:46]} Re8 {[%clk
1:34:21]} 10. O-O {[%clk 1:33:43]} Nf8 {[%clk 1:34:40]} 11. Bxf6 {[%clk
1:31:44]} Bxf6 {[%clk 1:35:03]} 12. b4 {[%clk 1:29:55]} a6 {[%clk 1:35:25]} 13.
a4 {[%clk 1:28:56]} Bg4 {[%clk 1:34:08]} 14. Be2 {[%clk 1:27:18]} Be7 {[%clk
1:29:27]} 15. Rfb1 {[%clk 1:13:56]} Bd6 {[%clk 1:23:09]} 16. b5 {[%clk
0:54:36]} axb5 {[%clk 1:23:32]} 17. axb5 {[%clk 0:54:35]} Bxf3 {[%clk 1:00:22]}
18. Rxa8 {[%clk 0:51:25]} Qxa8 {[%clk 1:00:27]} 19. Bxf3 {[%clk 0:51:16]} Qd8
{[%clk 0:58:29]} 20. bxc6 {[%clk 0:49:54]} bxc6 {[%clk 0:58:53]} 21. Rc1 {[%clk
0:42:43]} Re6 {[%clk 0:58:13]} 22. Bg4 {[%clk 0:30:46]} Rh6 {[%clk 0:55:11]}
23. h3 {[%clk 0:23:28]} Qg5 {[%clk 0:47:50]} 24. Qf5 {[%clk 0:19:46]} Qh4
{[%clk 0:44:17]} 25. Qf3 {[%clk 0:17:01]} Rf6 {[%clk 0:41:34]} 26. Qe2 {[%clk
0:16:34]} Rg6 {[%clk 0:34:11]} 27. Qf3 {[%clk 0:15:58]} Rf6 {[%clk 0:16:35]}
28. Qe2 {[%clk 0:16:20]} h6 {[%clk 0:12:40]} 29. f4 {[%clk 0:09:31]} Be7 {[%clk
0:05:34]} 30. Qf3 {[%clk 0:08:51]} Rd6 {[%clk 0:03:12]} 31. g3 {[%clk 0:07:51]}
1/2-1/2

[Event "DVM U16w 2021"]
[Site "Berlin GER"]
[Date "2022.05.02"]
[Round "6"]
[White "Stowicek, Yara Mathilda"]
[Black "Schmidt, Luise"]
[Result "1/2-1/2"]
[Termination "normal"]
[Board "1.3"]
[WhiteElo "1771"]
[BlackElo "1420"]
[WhiteClock "00:19:55"]
[BlackClock "00:07:09"]
[WhiteTeam "USV Halle"]
[BlackTeam "SV Königsjäger Süd-West e.V."]
[PlyCount "66"]
[WhiteFideId "16203569"]
[BlackFideId "16294475"]
[EventCountry "GER"]
[EventRounds "7"]
[EventType "team-swiss"]
[EventDate "2022.04.29"]

1. e4 {[%clk 1:30:58]} e5 {[%clk 1:30:57]} 2. Nf3 {[%clk 1:31:23]} Nc6 {[%clk
1:31:19]} 3. Bc4 {[%clk 1:31:44]} Bc5 {[%clk 1:31:44]} 4. c3 {[%clk 1:32:00]}
Nf6 {[%clk 1:32:08]} 5. d3 {[%clk 1:32:24]} d6 {[%clk 1:32:29]} 6. Nbd2 {[%clk
1:32:29]} a6 {[%clk 1:32:09]} 7. Bb3 {[%clk 1:32:52]} Ba7 {[%clk 1:32:33]} 8.
O-O {[%clk 1:30:22]} O-O {[%clk 1:32:46]} 9. h3 {[%clk 1:30:31]} h6 {[%clk
1:32:55]} 10. Re1 {[%clk 1:30:51]} Re8 {[%clk 1:30:34]} 11. Nf1 {[%clk
1:31:08]} Be6 {[%clk 1:28:39]} 12. Ng3 {[%clk 1:30:03]} d5 {[%clk 1:19:56]} 13.
Qe2 {[%clk 1:20:20]} dxe4 {[%clk 1:12:47]} 14. dxe4 {[%clk 1:20:37]} Bxb3
{[%clk 1:08:06]} 15. axb3 {[%clk 1:20:48]} Qd7 {[%clk 1:04:02]} 16. Be3 {[%clk
1:19:55]} Qe6 {[%clk 1:01:29]} 17. b4 {[%clk 1:19:52]} Red8 {[%clk 0:58:49]}
18. Bxa7 {[%clk 1:15:44]} Rxa7 {[%clk 0:52:56]} 19. b5 {[%clk 1:11:13]} axb5
{[%clk 0:50:09]} 20. Qxb5 {[%clk 1:09:00]} Rxa1 {[%clk 0:50:04]} 21. Rxa1
{[%clk 1:09:04]} b6 {[%clk 0:50:10]} 22. Kf1 {[%clk 1:03:57]} Qd6 {[%clk
0:46:28]} 23. Ke1 {[%clk 0:58:15]} g6 {[%clk 0:41:30]} 24. Qa4 {[%clk 0:52:56]}
Qc5 {[%clk 0:37:04]} 25. Rd1 {[%clk 0:43:35]} Rxd1+ {[%clk 0:35:38]} 26. Qxd1
{[%clk 0:43:48]} b5 {[%clk 0:30:43]} 27. Qd3 {[%clk 0:41:00]} b4 {[%clk
0:27:38]} 28. Nf1 {[%clk 0:33:53]} bxc3 {[%clk 0:26:37]} 29. bxc3 {[%clk
0:33:50]} Kg7 {[%clk 0:19:49]} 30. N1d2 {[%clk 0:31:44]} Na5 {[%clk 0:17:29]}
31. Ke2 {[%clk 0:30:18]} Nc6 {[%clk 0:13:18]} 32. Qe3 {[%clk 0:21:22]} Qb5+
{[%clk 0:07:33]} 33. Qd3 {[%clk 0:19:55]} Qc5 {[%clk 0:07:09]} 1/2-1/2

[Event "DVM U16w 2021"]
[Site "Berlin GER"]
[Date "2022.05.02"]
[Round "6"]
[White "Altuve Medina, Victoria Isabella"]
[Black "Derling, Charlotte"]
[Result "0-1"]
[Termination "normal"]
[Board "1.4"]
[WhiteElo "1221"]
[BlackElo "1464"]
[WhiteClock "00:23:14"]
[BlackClock "00:16:31"]
[WhiteTeam "SV Königsjäger Süd-West e.V."]
[BlackTeam "USV Halle"]
[PlyCount "126"]
[WhiteFideId "3935639"]
[BlackFideId "16222237"]
[EventCountry "GER"]
[EventRounds "7"]
[EventType "team-swiss"]
[EventDate "2022.04.29"]

1. e4 {[%clk 1:30:58]} c5 {[%clk 1:30:53]} 2. c3 {[%clk 1:31:19]} g6 {[%clk
1:31:11]} 3. d4 {[%clk 1:31:23]} cxd4 {[%clk 1:31:11]} 4. cxd4 {[%clk 1:31:38]}
d5 {[%clk 1:31:21]} 5. e5 {[%clk 1:26:15]} Nc6 {[%clk 1:30:54]} 6. Nc3 {[%clk
1:22:24]} Nh6 {[%clk 1:29:35]} 7. h3 {[%clk 1:18:26]} Bg7 {[%clk 1:26:28]} 8.
Nf3 {[%clk 1:17:18]} O-O {[%clk 1:25:52]} 9. Be2 {[%clk 1:16:05]} Nf5 {[%clk
1:18:00]} 10. O-O {[%clk 1:07:30]} f6 {[%clk 1:15:01]} 11. g4 {[%clk 1:07:01]}
Nh6 {[%clk 1:12:25]} 12. exf6 {[%clk 1:06:57]} exf6 {[%clk 1:10:28]} 13. Qb3
{[%clk 1:02:34]} Ne7 {[%clk 1:06:01]} 14. Kg2 {[%clk 1:00:17]} b6 {[%clk
0:53:19]} 15. Rg1 {[%clk 0:56:21]} Be6 {[%clk 0:49:45]} 16. Bf4 {[%clk
0:55:46]} Qd7 {[%clk 0:47:37]} 17. Bb5 {[%clk 0:50:52]} Qd8 {[%clk 0:42:12]}
18. Kf1 {[%clk 0:47:36]} a6 {[%clk 0:39:40]} 19. Re1 {[%clk 0:40:46]} Bxg4
{[%clk 0:29:42]} 20. hxg4 {[%clk 0:40:44]} axb5 {[%clk 0:30:01]} 21. Qxb5
{[%clk 0:39:55]} Nf7 {[%clk 0:24:13]} 22. Qe2 {[%clk 0:34:58]} Re8 {[%clk
0:22:07]} 23. Qe6 {[%clk 0:33:18]} Rc8 {[%clk 0:17:19]} 24. Bd6 {[%clk
0:17:52]} Qxd6 {[%clk 0:14:11]} 25. Qxd6 {[%clk 0:16:51]} Nxd6 {[%clk 0:14:27]}
26. Re6 {[%clk 0:17:09]} Nc4 {[%clk 0:12:54]} 27. Re2 {[%clk 0:15:51]} Kf7
{[%clk 0:11:18]} 28. Kg2 {[%clk 0:15:34]} f5 {[%clk 0:08:35]} 29. g5 {[%clk
0:12:29]} Nxb2 {[%clk 0:05:35]} 30. Nb5 {[%clk 0:10:33]} Nc4 {[%clk 0:05:32]}
31. Rc1 {[%clk 0:07:12]} Red8 {[%clk 0:03:50]} 32. Rec2 {[%clk 0:05:41]} Ra8
{[%clk 0:02:57]} 33. Re1 {[%clk 0:04:44]} Rac8 {[%clk 0:02:45]} 34. Rce2 {[%clk
0:04:46]} Nc6 {[%clk 0:02:45]} 35. Re6 {[%clk 0:04:15]} Re8 {[%clk 0:02:40]}
36. Nd6+ {[%clk 0:03:22]} Nxd6 {[%clk 0:02:52]} 37. Rxd6 {[%clk 0:03:46]} Rxe1
{[%clk 0:03:03]} 38. Nxe1 {[%clk 0:04:10]} Bxd4 {[%clk 0:02:25]} 39. Rxd5
{[%clk 0:04:06]} Ke6 {[%clk 0:02:27]} 40. Rb5 {[%clk 0:04:11]} Ra8 {[%clk
0:02:06]} 41. Nc2 {[%clk 0:02:07]} Bc5 {[%clk 0:00:52]} 42. Rb2 {[%clk
0:02:04]} Ra4 {[%clk 0:28:43]} 43. Ne1 {[%clk 0:30:35]} Rg4+ {[%clk 0:27:15]}
44. Kf1 {[%clk 0:30:14]} Rxg5 {[%clk 0:25:27]} 45. Re2+ {[%clk 0:30:14]} Kf6
{[%clk 0:24:57]} 46. Nd3 {[%clk 0:28:18]} Rg4 {[%clk 0:21:11]} 47. Nxc5 {[%clk
0:28:08]} bxc5 {[%clk 0:21:28]} 48. Rc2 {[%clk 0:28:35]} c4 {[%clk 0:20:39]}
49. a4 {[%clk 0:28:55]} Na5 {[%clk 0:20:24]} 50. Rc3 {[%clk 0:28:43]} Rd4
{[%clk 0:19:14]} 51. Ke2 {[%clk 0:28:25]} Rd3 {[%clk 0:17:19]} 52. Rxd3 {[%clk
0:27:35]} cxd3+ {[%clk 0:17:40]} 53. Kxd3 {[%clk 0:28:02]} Ke5 {[%clk 0:17:48]}
54. Ke3 {[%clk 0:28:13]} g5 {[%clk 0:16:46]} 55. Kf3 {[%clk 0:28:01]} h5 {[%clk
0:16:42]} 56. Kg3 {[%clk 0:28:19]} Ke4 {[%clk 0:16:29]} 57. Kg2 {[%clk
0:26:54]} h4 {[%clk 0:16:05]} 58. Kg1 {[%clk 0:23:12]} Kf3 {[%clk 0:16:10]} 59.
Kf1 {[%clk 0:23:09]} h3 {[%clk 0:15:58]} 60. Kg1 {[%clk 0:23:32]} g4 {[%clk
0:15:55]} 61. Kh1 {[%clk 0:23:01]} Kxf2 {[%clk 0:15:54]} 62. Kh2 {[%clk
0:23:26]} g3+ {[%clk 0:16:08]} 63. Kh1 {[%clk 0:23:14]} g2+ {[%clk 0:16:31]}
0-1

[Event "DVM U16w 2021"]
[Site "Berlin GER"]
[Date "2022.05.02"]
[Round "6"]
[White "Glowiak, Alexandra"]
[Black "Fischer, Darja"]
[Result "0-1"]
[Termination "normal"]
[Board "2.1"]
[WhiteElo "1496"]
[BlackElo "1675"]
[WhiteClock "00:22:23"]
[BlackClock "00:40:13"]
[WhiteTeam "Chemnitzer SC Aufbau95"]
[BlackTeam "Karlsruher SF 1853"]
[PlyCount "118"]
[WhiteFideId "16259530"]
[BlackFideId "16240898"]
[EventCountry "GER"]
[EventRounds "7"]
[EventType "team-swiss"]
[EventDate "2022.04.29"]

1. e4 {[%clk 1:30:57]} c5 {[%clk 1:30:58]} 2. Nf3 {[%clk 1:31:20]} a6 {[%clk
1:31:25]} 3. c3 {[%clk 1:31:14]} d5 {[%clk 1:31:50]} 4. exd5 {[%clk 1:30:21]}
Qxd5 {[%clk 1:32:15]} 5. c4 {[%clk 1:19:07]} Qd8 {[%clk 1:28:37]} 6. d4 {[%clk
1:18:11]} cxd4 {[%clk 1:25:50]} 7. Qxd4 {[%clk 1:18:18]} Qxd4 {[%clk 1:24:02]}
8. Nxd4 {[%clk 1:18:46]} e5 {[%clk 1:22:58]} 9. Nb3 {[%clk 1:15:29]} Nc6 {[%clk
1:21:49]} 10. Nc3 {[%clk 1:13:41]} Nf6 {[%clk 1:18:34]} 11. Bd2 {[%clk
1:06:48]} Be6 {[%clk 1:15:53]} 12. f3 {[%clk 0:53:48]} Be7 {[%clk 1:11:56]} 13.
Be2 {[%clk 0:52:08]} O-O {[%clk 1:10:31]} 14. O-O {[%clk 0:51:56]} Rac8 {[%clk
1:08:53]} 15. Rac1 {[%clk 0:50:50]} Rfd8 {[%clk 1:06:43]} 16. Ne4 {[%clk
0:41:28]} Nxe4 {[%clk 1:00:58]} 17. fxe4 {[%clk 0:41:31]} Bb4 {[%clk 0:56:26]}
18. Rfd1 {[%clk 0:33:22]} Bxd2 {[%clk 0:53:40]} 19. Rxd2 {[%clk 0:33:09]} Rxd2
{[%clk 0:53:33]} 20. Nxd2 {[%clk 0:33:24]} Rd8 {[%clk 0:52:18]} 21. Nf3 {[%clk
0:22:06]} Nd4 {[%clk 0:50:51]} 22. Nxd4 {[%clk 0:18:53]} Rxd4 {[%clk 0:51:07]}
23. b3 {[%clk 0:18:52]} Kf8 {[%clk 0:42:38]} 24. Rd1 {[%clk 0:13:11]} Rxd1+
{[%clk 0:43:02]} 25. Bxd1 {[%clk 0:13:39]} Ke7 {[%clk 0:43:08]} 26. Be2 {[%clk
0:13:25]} a5 {[%clk 0:40:00]} 27. a3 {[%clk 0:08:13]} b5 {[%clk 0:33:51]} 28.
cxb5 {[%clk 0:02:24]} Bxb3 {[%clk 0:34:01]} 29. b6 {[%clk 0:02:35]} Kd6 {[%clk
0:33:24]} 30. Bb5 {[%clk 0:02:41]} Be6 {[%clk 0:32:44]} 31. Kf2 {[%clk
0:03:03]} Bc8 {[%clk 0:32:06]} 32. Ke3 {[%clk 0:03:13]} Kc5 {[%clk 0:32:03]}
33. Bd7 Ba6 {[%clk 0:29:59]} 34. Be8 {[%clk 0:02:05]} f6 {[%clk 0:30:26]} 35.
Bf7 {[%clk 0:02:15]} Kxb6 {[%clk 0:30:33]} 36. Kd2 {[%clk 0:02:01]} Bf1 {[%clk
0:20:41]} 37. g3 {[%clk 0:02:13]} Bg2 {[%clk 0:20:17]} 38. Kd3 {[%clk 0:02:17]}
Kb5 {[%clk 0:20:31]} 39. Bb3 {[%clk 0:02:30]} g6 {[%clk 0:19:29]} 40. h4 {[%clk
0:01:36]} f5 {[%clk 0:18:49]} 41. exf5 {[%clk 0:01:47]} gxf5 {[%clk 0:19:10]}
42. Bd1 {[%clk 0:01:40]} Kc5 {[%clk 0:13:43]} 43. g4 {[%clk 0:21:04]} f4 {[%clk
0:43:36]} 44. g5 {[%clk 0:21:09]} e4+ {[%clk 0:43:53]} 45. Kd2 {[%clk 0:20:43]}
Kd4 {[%clk 0:43:37]} 46. h5 {[%clk 0:19:37]} e3+ {[%clk 0:43:05]} 47. Ke1
{[%clk 0:19:28]} Ke5 {[%clk 0:39:23]} 48. Bc2 {[%clk 0:18:21]} f3 {[%clk
0:39:05]} 49. Bd3 {[%clk 0:18:39]} f2+ {[%clk 0:39:14]} 50. Kd1 {[%clk
0:19:05]} Bf3+ {[%clk 0:39:32]} 51. Kc2 {[%clk 0:19:26]} Bxh5 {[%clk 0:39:32]}
52. Kc3 {[%clk 0:19:44]} e2 {[%clk 0:39:53]} 53. Kb3 {[%clk 0:20:06]} f1=Q
{[%clk 0:39:34]} 54. g6 {[%clk 0:20:29]} Qd1+ {[%clk 0:38:38]} 55. Bc2 {[%clk
0:20:54]} Bxg6 {[%clk 0:38:50]} 56. a4 {[%clk 0:21:12]} Qxc2+ {[%clk 0:39:07]}
57. Ka3 {[%clk 0:21:37]} Qc3+ {[%clk 0:39:22]} 58. Ka2 {[%clk 0:22:01]} Bf7+
{[%clk 0:39:48]} 59. Kb1 {[%clk 0:22:23]} e1=Q# {[%clk 0:40:13]} 0-1

[Event "DVM U16w 2021"]
[Site "Berlin GER"]
[Date "2022.05.02"]
[Round "6"]
[White "Haug, Mara"]
[Black "Czäczine, Paula"]
[Result "1-0"]
[Termination "normal"]
[Board "2.2"]
[WhiteElo "1394"]
[BlackElo "1127"]
[WhiteClock "00:25:05"]
[BlackClock "00:30:16"]
[WhiteTeam "Karlsruher SF 1853"]
[BlackTeam "Chemnitzer SC Aufbau95"]
[PlyCount "87"]
[WhiteFideId "16259300"]
[BlackFideId "16249305"]
[EventCountry "GER"]
[EventRounds "7"]
[EventType "team-swiss"]
[EventDate "2022.04.29"]

1. e4 {[%clk 1:30:57]} e5 {[%clk 1:30:54]} 2. Nc3 {[%clk 1:31:22]} Nf6 {[%clk
1:31:17]} 3. g3 {[%clk 1:31:48]} d5 {[%clk 1:31:39]} 4. exd5 {[%clk 1:32:13]}
Nxd5 {[%clk 1:32:03]} 5. Bg2 {[%clk 1:32:39]} Nf6 {[%clk 1:32:25]} 6. Nge2
{[%clk 1:32:05]} Nc6 {[%clk 1:31:54]} 7. d3 {[%clk 1:31:06]} Bc5 {[%clk
1:28:46]} 8. O-O {[%clk 1:28:41]} h6 {[%clk 1:24:12]} 9. Na4 {[%clk 1:19:52]}
Be7 {[%clk 1:16:01]} 10. Be3 {[%clk 1:15:27]} O-O {[%clk 1:08:13]} 11. Nc5
{[%clk 1:10:03]} Ng4 {[%clk 1:01:50]} 12. Nb3 {[%clk 1:04:19]} Nxe3 {[%clk
0:59:26]} 13. fxe3 {[%clk 1:04:07]} Be6 {[%clk 0:53:00]} 14. Nc3 {[%clk
1:00:43]} f5 {[%clk 0:44:49]} 15. Qd2 {[%clk 0:53:51]} g5 {[%clk 0:31:54]} 16.
Rae1 {[%clk 0:43:15]} Qe8 {[%clk 0:29:06]} 17. Qe2 {[%clk 0:37:26]} Qg6 {[%clk
0:24:53]} 18. Kh1 {[%clk 0:31:58]} Rae8 {[%clk 0:19:45]} 19. Qd2 {[%clk
0:22:11]} Qf7 {[%clk 0:17:32]} 20. Ne2 {[%clk 0:16:16]} Bd6 {[%clk 0:16:19]}
21. d4 {[%clk 0:11:47]} Bd5 {[%clk 0:12:10]} 22. e4 {[%clk 0:09:54]} Bxb3
{[%clk 0:10:19]} 23. Rxf5 {[%clk 0:08:42]} Qg6 {[%clk 0:09:11]} 24. Rxf8+
{[%clk 0:08:46]} Rxf8 {[%clk 0:09:35]} 25. axb3 {[%clk 0:08:56]} Rf2 {[%clk
0:07:13]} 26. Kg1 {[%clk 0:06:08]} Qf7 {[%clk 0:06:01]} 27. Rf1 {[%clk
0:05:12]} Rxf1+ {[%clk 0:06:20]} 28. Bxf1 {[%clk 0:05:40]} Qe7 {[%clk 0:05:04]}
29. d5 {[%clk 0:05:04]} Nd8 {[%clk 0:04:58]} 30. Nc3 {[%clk 0:04:31]} Bc5+
{[%clk 0:04:53]} 31. Kg2 {[%clk 0:04:37]} Bd4 {[%clk 0:04:53]} 32. Bc4 {[%clk
0:04:46]} Nf7 {[%clk 0:04:18]} 33. Qe2 {[%clk 0:04:36]} Nd6 {[%clk 0:03:59]}
34. Qg4 {[%clk 0:04:09]} Nxc4 {[%clk 0:03:05]} 35. bxc4 {[%clk 0:04:38]} Bxc3
{[%clk 0:03:27]} 36. bxc3 {[%clk 0:04:58]} Kg7 {[%clk 0:02:49]} 37. Qc8 {[%clk
0:03:14]} b6 {[%clk 0:02:57]} 38. Qa6 {[%clk 0:03:02]} c6 {[%clk 0:01:22]} 39.
dxc6 {[%clk 0:02:27]} Qd6 {[%clk 0:00:33]} 40. Qb7+ {[%clk 0:02:09]} Kg6 {[%clk
0:00:54]} 41. Qd7 {[%clk 0:28:36]} Qc5 {[%clk 0:29:49]} 42. c7 {[%clk 0:27:39]}
Qe3 {[%clk 0:30:01]} 43. Qf5+ {[%clk 0:25:02]} Kg7 {[%clk 0:30:16]} 44. c8=Q
{[%clk 0:25:05]} 1-0

[Event "DVM U16w 2021"]
[Site "Berlin GER"]
[Date "2022.05.02"]
[Round "6"]
[White "Czäczine, Laura"]
[Black "Kuran, Olivia"]
[Result "1-0"]
[Termination "normal"]
[Board "2.3"]
[WhiteElo "1358"]
[BlackElo "1080"]
[WhiteClock "01:12:13"]
[BlackClock "00:18:59"]
[WhiteTeam "Chemnitzer SC Aufbau95"]
[BlackTeam "Karlsruher SF 1853"]
[PlyCount "89"]
[WhiteFideId "16211448"]
[BlackFideId "16279670"]
[EventCountry "GER"]
[EventRounds "7"]
[EventType "team-swiss"]
[EventDate "2022.04.29"]

1. e4 {[%clk 1:30:59]} e5 {[%clk 1:30:54]} 2. Nf3 {[%clk 1:31:24]} Nc6 {[%clk
1:31:16]} 3. d4 {[%clk 1:31:49]} exd4 {[%clk 1:31:39]} 4. c3 {[%clk 1:32:15]}
d5 {[%clk 1:31:57]} 5. exd5 {[%clk 1:32:35]} Qxd5 {[%clk 1:32:18]} 6. cxd4
{[%clk 1:32:55]} Bg4 {[%clk 1:32:07]} 7. Be2 {[%clk 1:32:47]} Bb4+ {[%clk
1:29:03]} 8. Nc3 {[%clk 1:32:57]} Bxc3+ {[%clk 1:29:06]} 9. bxc3 {[%clk
1:33:18]} Bxf3 {[%clk 1:27:21]} 10. Bxf3 {[%clk 1:33:27]} Qc4 {[%clk 1:26:37]}
11. Qb3 {[%clk 1:29:15]} Qxb3 {[%clk 1:17:26]} 12. axb3 {[%clk 1:29:37]} Nge7
{[%clk 1:11:59]} 13. Bf4 {[%clk 1:28:57]} O-O-O {[%clk 1:08:24]} 14. O-O {[%clk
1:24:54]} Kb8 {[%clk 1:03:32]} 15. Rfd1 {[%clk 1:24:34]} Nc8 {[%clk 0:57:15]}
16. d5 {[%clk 1:20:51]} N6e7 {[%clk 0:56:10]} 17. c4 {[%clk 1:20:15]} Nf5
{[%clk 0:50:10]} 18. c5 {[%clk 1:19:19]} Rhe8 {[%clk 0:46:25]} 19. g4 {[%clk
1:18:18]} Nh4 {[%clk 0:39:52]} 20. Bh1 {[%clk 1:18:36]} Ng6 {[%clk 0:38:19]}
21. Bg3 {[%clk 1:18:23]} a6 {[%clk 0:36:35]} 22. d6 {[%clk 1:18:25]} Ne5 {[%clk
0:31:51]} 23. dxc7+ {[%clk 1:15:53]} Kxc7 {[%clk 0:31:07]} 24. Rxd8 {[%clk
1:15:28]} Kxd8 {[%clk 0:31:05]} 25. Bxb7 {[%clk 1:15:41]} Nxg4 {[%clk 0:29:48]}
26. Bxa6 {[%clk 1:15:05]} Ke7 {[%clk 0:26:26]} 27. Re1+ {[%clk 1:14:27]} Kf8
{[%clk 0:24:06]} 28. Rxe8+ {[%clk 1:14:47]} Kxe8 {[%clk 0:24:33]} 29. Bxc8
{[%clk 1:15:08]} Nf6 {[%clk 0:24:28]} 30. c6 {[%clk 1:15:05]} Kd8 {[%clk
0:23:33]} 31. Ba6 {[%clk 1:14:44]} Ne8 {[%clk 0:23:36]} 32. b4 {[%clk 1:14:45]}
Nc7 {[%clk 0:23:38]} 33. b5 {[%clk 1:13:38]} Nd5 {[%clk 0:22:59]} 34. Kg2
{[%clk 1:13:13]} Nc7 {[%clk 0:21:00]} 35. Kf3 {[%clk 1:12:17]} Nd5 {[%clk
0:21:04]} 36. h4 {[%clk 1:12:11]} h5 {[%clk 0:20:46]} 37. Ke4 {[%clk 1:11:53]}
Nc7 {[%clk 0:20:54]} 38. Kf5 {[%clk 1:11:57]} Nd5 {[%clk 0:20:32]} 39. Kg5
{[%clk 1:12:01]} g6 {[%clk 0:20:44]} 40. f3 {[%clk 1:10:59]} Nc7 {[%clk
0:18:59]} 41. Bxc7+ {[%clk 1:11:04]} Kxc7 {[%clk 0:19:17]} 42. f4 {[%clk
1:11:22]} Kd6 {[%clk 0:19:05]} 43. f5 {[%clk 1:11:25]} gxf5 {[%clk 0:19:16]}
44. Kxf5 {[%clk 1:11:50]} Kc5 {[%clk 0:18:59]} 45. c7 {[%clk 1:12:13]} 1-0